书目信息 |
| 题名: |
酚醛树脂及其应用
|
|
| 作者: | 黄发荣 , 焦杨声 主编 | |
| 分册: | ||
| 出版信息: | 北京 化学工业出版社 2003.01 |
|
| 页数: | 510页 | |
| 开本: | 20cm | |
| 丛书名: | 合成树脂及应用丛书 | |
| 单 册: | ||
| 中图分类: | TQ323.1 | |
| 科图分类: | ||
| 主题词: | 缩聚树脂 , 缩聚塑料 | |
| 电子资源: | ||
| ISBN: | 7-5025-3448-2 | |
| 000 | 00727nam0 2200241 45 | |
| 001 | 0434529377 | |
| 005 | 2004042809352852 | |
| 010 | @a7-5025-3448-2@dCNY 35.00 | |
| 100 | @a20040428d2003 km y0chiy0120 ea | |
| 101 | 0 | @achi |
| 102 | @aCN@b110000 | |
| 200 | 1 | @a酚醛树脂及其应用@AFen Quan Shu Zhi Ji Qi Ying Yong@f黄发荣,焦杨声主编@FHuang Fa Rong,Jiao Yang Sheng Zhu Bian |
| 210 | @a北京@c化学工业出版社@d2003.01 | |
| 215 | @a510页@d20cm | |
| 225 | 2 | @a合成树脂及应用丛书 |
| 410 | 0 | @12001 @a合成树脂及应用丛书 |
| 606 | 0 | @a缩聚树脂 |
| 606 | 0 | @a缩聚塑料 |
| 690 | @aTQ323.1@v3 | |
| 701 | 0 | @a黄发荣@AHuang Fa Rong@4主编 |
| 701 | 0 | @a焦杨声@AJiao Yang Sheng@4主编 |
| 801 | 0 | @aCN@bPFT@c20040428 |
| 905 | @dTQ323.1@eH825 | |
| 酚醛树脂及其应用/黄发荣,焦杨声主编.-北京:化学工业出版社,2003.01 |
| 510页;20cm.-(合成树脂及应用丛书) |
| ISBN 7-5025-3448-2:CNY 35.00 |
| ● |
| 相关链接 |
|
|
|
正题名:酚醛树脂及其应用
索取号:TQ323.1/H825
 
预约/预借
| 序号 | 登录号 | 条形码 | 馆藏地/架位号 | 状态 | 备注 |
| 1 | 390459 | 203904597 | 自科库501/501自科库 140排9列2层/ [索取号:TQ323.1/H825] | 在馆 | |
| 2 | 390460 | 203904604 | 期刊室512/501自科库 140排9列2层/ [索取号:TQ323.1/H825] | 在馆 |